Visualizzazione normale
Vista MARC
- Manfredi Nino
di Personal Name
Records bibliografici associati: 1
001 - CONTROL NUMBER
- control field: 9366
003 - CONTROL NUMBER IDENTIFIER
- control field: IT-RoPau
005 - DATE AND TIME OF LATEST TRANSACTION
- control field: 20140116215914.0
008 - FIXED-LENGTH DATA ELEMENTS
- fixed length control field: 140116|| aca||aabn | a|a d
040 ## - CATALOGING SOURCE
- Original cataloging agency: IT-RoPau
- Transcribing agency: IT-RoPau
100 ## - HEADING--PERSONAL NAME
- Personal name: Manfredi Nino
- Miscellaneous information: Codice autore musica SPICS: 11556
- Relator term: Autore musica
- Name of part/section of a work: Largo
670 ## - SOURCE DATA FOUND
- Source citation: Work cat.: (IT-RoPau)99056: AA.VV. 794, Christmas Classics